Poética de la materia / (Record no. 195761)

MARC details
000 -LEADER
campo de control de longitud fija 00838nam a2200241 i 4500
001 - NÚMERO DE CONTROL
campo de control 195761
003 - IDENTIFICADOR DE NÚMERO DE CONTROL
campo de control ES-MaACL
005 - FECHA Y HORA DE LA ÚLTIMA TRANSACCIÓN
campo de control 20250825062653.0
008 - DATOS DE LONGITUD FIJA--INFORMACIÓN GENERAL
campo de control de longitud fija 240713b sp ||||| |||| 00| 0 spa d
040 ## - FUENTE DE CATALOGACIÓN
Centro/agencia transcriptor ES-MaACL
100 ## - ENTRADA PRINCIPAL--NOMBRE DE PERSONA
Nombre de persona Polgrossi, Loretta
9 (RLIN) 237450
Término indicativo de función/relación Autor
245 ## - MENCIÓN DEL TÍTULO
Título Poética de la materia /
Mención de responsabilidad, etc. Loretta Polgrossi.
260 ## - PUBLICACIÓN, DISTRIBUCIÓN, ETC.
Lugar de publicación, distribución, etc. Barcelona:
Nombre del editor, distribuidor, etc. SYL.
300 ## - DESCRIPCIÓN FÍSICA
Extensión 59 pág. :
Dimensiones 30 cm.
650 #7 - PUNTO DE ACCESO ADICIONAL DE MATERIA--TÉRMINO DE MATERIA
Término de materia o nombre geográfico como elemento de entrada Escultura
Fuente del encabezamiento o término embne
9 (RLIN) 12417
655 #7 - TERMINO DE INDIZACIÓN--GENERO/FORMA
Fuente del término tgfbne
Datos o término principal de género/forma Libros ilustrados
9 (RLIN) 193653
852 ## - LOCALIZACIÓN
Ubicación ES-MaACL
Sublocalización o colección R.151834
Ubicación en estantería Depósito J
Número de control de estantería N-8770
Donativo/Legado Donación: Loretta Polgrossi
Encuadernación Encuadernación rústica
itemnumber 204619
903 ## - NOMBRE PERSONAL DE DONANTE
9 237450
a Polgrossi, Loretta
e Donante
942 ## - ELEMENTOS DE ENTRADA SECUNDARIOS (KOHA)
Suprimir en OPAC No
Tipo de ítem Koha Libro impreso
Holdings
Estatus retirado Estado de pérdida Fuente del sistema de clasificación o colocación Estado de daño No para préstamo Biblioteca de origen Biblioteca actual Ubicación en estantería Fecha de adquisición Fuente de adquisición Total de préstamos Signatura topográfica completa Código de barras Visto por última vez Precio de reemplazo Tipo de ítem Koha
    Clasificación decimal universal     Biblioteca del Ateneo de Madrid Biblioteca del Ateneo de Madrid Depósito J 15/02/2025 Donación   N-8770 101229437 15/02/2025 15/02/2025 Libro impreso